Islam and nationalism an analysis of the views of Azad, Iqbal and Maudud

Saved in:
Bibliographic Details
Main Author: KausarlhZeenath Dr
Format: Book
Published: Kuala LumpurlbA. S. Noordeenlc1994
Tags: Add Tag
No Tags, Be the first to tag this record!
Call Number :BP 173.55 K21 1994

MARC

LEADER 00000pam a2200000 4500
001 30113
003 MY-KLNDU
005 20241218085241.0
020 0 0 |a 967996390x 
035 |a 0000019800 
039 9 |y 200910091027  |z VLOAD 
090 0 0 |a BP 173.55  |b K21 1994 
100 1 0 |a KausarlhZeenath Dr 
245 1 0 |a Islam and nationalism  |b an analysis of the views of Azad, Iqbal and Maudud  |c Dr. Zeenath Kausar 
260 0 0 |a Kuala LumpurlbA. S. Noordeenlc1994 
300 |a xvii, 128p.  |c 21cm 
500 0 0 |a Islam and politics 
999 |a vtls000019741  |c 30113  |d 30113